|
|
|
|
| LEADER |
02078nam a2200349 a 4500 |
| 001 |
18857 |
| 003 |
BD-DhAAL |
| 008 |
090729r19861974paua b 001 0 eng d |
| 010 |
|
|
|a 73019604
|
| 020 |
|
|
|a 0812104439
|
| 040 |
|
|
|a DLC
|c DLC
|d DLC
|d BD-DhAAL
|
| 082 |
0 |
0 |
|a 615.2
|2 19
|
| 100 |
1 |
|
|a Block, John H.
|9 44156
|
| 245 |
0 |
0 |
|a Inorganic medicinal and pharmaceutical chemistry /
|c John H. Block... [et al.].
|
| 250 |
|
|
|a Indian edition.
|
| 260 |
|
|
|a Philadelphia,
|b Lea & Febiger,
|c 1974 [reprinted 1986].
|
| 300 |
|
|
|a ix, 472 pages :
|b illustrations ;
|c 25 cm.
|
| 504 |
|
|
|a Includes bibliographical references.
|
| 526 |
|
|
|x Mustak Ibn Ayub
Department of Mathematics and Natural Sciences
Course name and no. "not available"
|
| 541 |
1 |
|
|e 00018857
|
| 650 |
|
0 |
|a Pharmaceutical chemistry.
|9 44157
|
| 650 |
|
2 |
|a Chemistry, Pharmaceutical.
|9 44158
|
| 650 |
|
2 |
|a Pharmacy.
|9 44159
|
| 700 |
1 |
|
|a Roche, Edward B.
|9 44160
|
| 700 |
1 |
|
|a Soine, Taito O.
|9 44161
|
| 700 |
1 |
|
|a Wilson, charles O.
|9 44162
|
| 852 |
4 |
|
|a Ayesha Abed Library
|c General Stacks
|
| 942 |
|
|
|2 ddc
|c BK
|
| 999 |
|
|
|c 2918
|d 2918
|
| 952 |
|
|
|0 0
|1 0
|2 ddc
|4 0
|6 615_000000000000000__2_BLO_1974
|7 0
|9 2649
|a PHR
|b PHR
|c GEN
|d 2009-07-22
|e Parash Publishers
|g 640.00
|l 15
|m 110
|o 615.2 BLO
|p 3010018857
|r 2017-01-30
|s 2017-01-18
|t 1
|v 1280.00
|w 2009-07-30
|y BK
|x Requisitioned by Mustak Ibn Ayub, Department of Mathematics and Natural Sciences, Course name and no. "not available"
|
| 952 |
|
|
|0 0
|1 0
|2 ddc
|4 0
|6 615_200000000000000_BLO_1974
|7 0
|9 10324
|a BRACUL
|b BRACUL
|c GEN
|d 2010-05-18
|e Parash Publishers
|g 640.00
|l 32
|m 213
|o 615.2 BLO
|p 3010018858
|r 2025-07-15
|s 2023-08-07
|t 2
|v 1280.00
|w 2010-05-18
|y BK
|x Requisitioned by Mustak Ibn Ayub, Department of Mathematics and Natural Sciences, Course name and no. "not available"
|
| 952 |
|
|
|0 0
|1 0
|2 ddc
|4 0
|6 615_200000000000000_BLO_1974
|7 0
|9 10325
|a BRACUL
|b BRACUL
|c GEN
|d 2010-05-18
|e Parash Publishers
|g 640.00
|l 25
|m 140
|o 615.2 BLO
|p 3010018859
|r 2025-07-08
|s 2025-07-02
|t 3
|v 1280.00
|w 2010-05-18
|y BK
|x Requisitioned by Mustak Ibn Ayub, Department of Mathematics and Natural Sciences, Course name and no. "not available"
|